000 00459nam a2200157 i 4500
001 bg
100 1 _aHAENSCH, Gunther
245 0 _aWörterbuch der Landwirtschaft :
_bDeutsch-Englisch-Französisch-Spanisch-Russisch /
_cGunther Haensch, Anton Gisela de Haberkamp.
260 _aMünchen :
_bBLV,
_c1976.
700 1 _aHABERKAMP, Anton Gisela
040 _cBPK
041 _apol
080 _a63
942 _cKS
008 s pl f |000 0 pol
999 _c27805
_d27805
856 _uhttp://koha.tu.koszalin.pl/cgi-bin/koha/opac-detail.pl?biblionumber=27805
_yKatalog online BPK